A text book of business organisation / (Record no. 131665)

MARC details
000 -LEADER
fixed length control field 00803nam a22002657a 4500
003 - CONTROL NUMBER IDENTIFIER
control field dpl
005 - DATE AND TIME OF LATEST TRANSACTION
control field 20180623153734.0
008 - FIXED-LENGTH DATA ELEMENTS--GENERAL INFORMATION
fixed length control field 180623b xxu||||| |||| 00| 0 eng d
010 ## - LIBRARY OF CONGRESS CONTROL NUMBER
LC control number A-069069
020 ## - INTERNATIONAL STANDARD BOOK NUMBER
Terms of availability 00.00
035 ## - SYSTEM CONTROL NUMBER
System control number A-069069, 769564
037 ## - SOURCE OF ACQUISITION
Source of stock number/acquisition Cen Lib/Ret
040 ## - CATALOGING SOURCE
Transcribing agency 0
082 ## - DEWEY DECIMAL CLASSIFICATION NUMBER
Classification number 658
Item number VIN
100 ## - MAIN ENTRY--PERSONAL NAME
Personal name Vinayakam, N.
9 (RLIN) 32420
245 ## - TITLE STATEMENT
Title A text book of business organisation /
Statement of responsibility, etc by N. Vinayakam, M. Radhaswamy [and] S.V. Vasudevan
260 ## - PUBLICATION, DISTRIBUTION, ETC. (IMPRINT)
Place of publication, distribution, etc New Delhi
Name of publisher, distributor, etc S. Chand and company
Date of publication, distribution, etc 1982
270 ## - ADDRESS
City New Delhi
Address Ram nagar
Postal code 110001
300 ## - PHYSICAL DESCRIPTION
Extent 514p.
Dimensions 21cm(Hb)
650 ## - SUBJECT ADDED ENTRY--TOPICAL TERM
Topical term or geographic name as entry element Business organisation
9 (RLIN) 32421
650 ## - SUBJECT ADDED ENTRY--TOPICAL TERM
Topical term or geographic name as entry element Business studies
9 (RLIN) 32422
700 ## - ADDED ENTRY--PERSONAL NAME
Personal name Radhaswamy, M.
9 (RLIN) 32423
700 ## - ADDED ENTRY--PERSONAL NAME
Personal name Vasudevan, S.V.
9 (RLIN) 20713
942 ## - ADDED ENTRY ELEMENTS (KOHA)
Source of classification or shelving scheme Dewey Decimal Classification
Koha item type English Books
Classification part 658
Call number suffix VAS
Holdings
Withdrawn status Lost status Damaged status Not for loan Home library Current library Date acquired Source of acquisition Cost, normal purchase price Total Checkouts Full call number Barcode Date last seen Copy number Cost, replacement price Price effective from Koha item type Public note Source of classification or shelving scheme Collection code
Written off       Central Library Central Library 15/07/2015 Cen Lib/Ret 0.00   658 VIN A-069069 15/07/2015 1 0.00 15/07/2015 English Books W/d List No. 6867/7 ; dtd 11/08/2020    
        Shahdara Branch Shahdara Branch 23/06/2018 BPPD/PUB 0.00   658 SHU 769564 23/06/2018   0.00 23/06/2018 English Books   Dewey Decimal Classification Non-fiction

© Delhi Public Library
Hit Counter
free hit counter